| 000 | 01778aam a2200349 a 4500 | ||
|---|---|---|---|
| 999 |
_c325036 _d325036 |
||
| 003 | BLK | ||
| 005 | 20240703123126.0 | ||
| 008 | 181010b bu ||||| |||| 00| 0 bu d | ||
| 020 | _a9789547694576 | ||
| 040 | _aBLK | ||
| 041 |
_aBUL _cBUL |
||
| 080 |
_aСоциално поведение. Социална психология _b316.6 _z316.6 |
||
| 080 |
_aИндивидуална психология. Психология на личността. Индивидуалност. Психология на характера. Характерология. Психологическа типология _b159.923 _z159.923 |
||
| 100 |
_aТемплар, Ричард _eпърви автор _91299 |
||
| 139 |
_aТемплар, Ричард _bТ 47 |
||
| 245 |
_aПравилата на хората _bЛичен кодекс за успешно общуване _cРичард Темплар |
||
| 260 |
_bОбсидиан _c2018 _aСофия |
||
| 300 |
_a323 с. _c21 см |
||
| 380 | _a3 | ||
| 500 | _aОриг. загл.: The rules of people / Richard Templar. - Възприетата форма на името на авт. Ричард Темплар е Ричард Темплър. - Ричард Темплър - псевд. на авт. Richard Craze | ||
| 650 | 0 |
_9313334 _aСоциална психология - популярна литература |
|
| 650 | 0 |
_9267089 _aПсихология на личността |
|
| 653 | 7 |
_9192678 _aобщуване |
|
| 653 | 7 |
_9186471 _aетика |
|
| 700 |
_aСтоименов, Милко Христов _9365369 |
||
| 852 | _aЦб 294145 | ||
| 942 |
_cKNG _2udc _n0 _08 |
||
| 944 |
_aED _c2019-03-27 _k30530 _lМинев Младен |
||
| 999 | _d325036 | ||
| 999 | _d325036 | ||
| 999 | _d325036 | ||